Public Finance Law and Public Administrations The Shaping Power of Public Finance in the European Union
Gespeichert in:
| 1. Verfasser: | |
|---|---|
| Format: | Buch |
| Sprache: | Englisch |
| Veröffentlicht: |
Abingdon
Routledge/Taylor & Francis Group
2026
|
| Ausgabe: | 1st Edition |
| Schlagworte: | |
| Tags: |
Keine Tags, Fügen Sie das erste Tag hinzu!
|
MARC
| LEADER | 00000nam a2200000 4500 | ||
|---|---|---|---|
| 001 | 0313157 | ||
| 005 | 20260113131858.5 | ||
| 020 | |a 9781040423530 | ||
| 041 | 0 | |a eng | |
| 044 | |a GB | ||
| 245 | 1 | 0 | |a Public Finance Law and Public Administrations |b The Shaping Power of Public Finance in the European Union |c Elisa D'Alterio |
| 250 | |a 1st Edition | ||
| 264 | 1 | |a Abingdon |b Routledge/Taylor & Francis Group |c 2026 | |
| 300 | |a 295 s. | ||
| 500 | |a ProQuest e-books. | ||
| 610 | 2 | 0 | |a financie verejné |
| 610 | 2 | 0 | |a správa verejná |
| 610 | 2 | 0 | |a Európska únia |
| 610 | 2 | 0 | |a právo finančné |
| 610 | 2 | 0 | |a právo verejné |
| 100 | 1 | |a D'Alterio, Elisa | |